[Event "Reunion op 14th"]
[Site "St Denis"]
[Date "2012.10.13"]
[Round "9"]
[White "Tang Hon Yue, Thibault"]
[Black "Weber, Richard"]
[Result "1-0"]
[WhiteElo "1506"]
[BlackElo "1811"]
[PlyCount "105"]
[EventDate "2012.10.06"]
[EventType "swiss"]
[EventRounds "9"]
[EventCountry "RUF"]
[SourceTitle "EXT 2013"]
[Source "ChessBase"]
[SourceDate "2012.11.22"]
[SourceVersion "1"]
[SourceVersionDate "2012.11.22"]
[SourceQuality "1"]

1. d4 e6 2. c4 c5 3. e3 Nf6 4. Nf3 Be7 5. Be2 d5 6. b3 cxd4 7. Nxd4 Qa5+ 8. Bd2 Bb4 9. 0-0 Bxd2 10. Qxd2 Qxd2 11. Nxd2 Bd7 12. cxd5 Nxd5 13. Rac1 Nc6 14. a3 Nxd4 15. exd4 Ke7 16. Bc4 Nf4 17. g3 Nh3+ 18. Kg2 Ng5 19. Rfe1 f6 20. f4 b5 21. Bd5 Nf7 22. Bxa8 Rxa8 23. d5 e5 24. Nf3 Kd6 25. fxe5+ fxe5 26. b4 a5 27. Red1 axb4 28. axb4 Ra2+ 29. Rd2 Rxd2+ 30. Nxd2 Kxd5 31. Rc5+ Kd4 32. Kf2 g5 33. Rc7 Be6 34. Nf3+ Kd3 35. Rxf7 e4 36. Re7 e3+ 37. Ke1 Bf5 38. Nxg5 h6 39. Nf3 Kc4 40. Rxe3 Kxb4 41. Nd4 Bd7 42. Nxb5 Kxb5 43. Re5+ Kc6 44. Rh5 Kd6 45. Rxh6+ Ke5 46. Kf2 Kf5 47. Rh4 Kg5 48. Kf3 Bc6+ 49. Re4 Kf5 50. g4+ Kg5 51. h3 Kh4 52. Kf4 Be8 53. Rxe8 1-0

[Event "Reunion op 14th"]
[Site "St Denis"]
[Date "2012.10.12"]
[Round "8"]
[White "Nassau, Pierre Alexandre"]
[Black "Tang Hon Yue, Thibault"]
[Result "1-0"]
[WhiteElo "1675"]
[BlackElo "1506"]
[PlyCount "45"]
[EventDate "2012.10.06"]
[EventType "swiss"]
[EventRounds "9"]
[EventCountry "RUF"]
[SourceTitle "EXT 2013"]
[Source "ChessBase"]
[SourceDate "2012.11.22"]
[SourceVersion "1"]
[SourceVersionDate "2012.11.22"]
[SourceQuality "1"]

1. e4 e6 2. d4 d5 3. e5 c5 4. c3 Nc6 5. Nf3 g6 6. Bd3 cxd4 7. cxd4 Bg7 8. Bf4 Nge7 9. 0-0 0-0 10. Nc3 Qb6 11. Na4 Qd8 12. Re1 Bd7 13. a3 Rc8 14. b4 b6 15. Bg5 h6 16. Bh4 g5 17. b5 Na5 18. Bxg5 hxg5 19. Nxg5 Bh6 20. Qh5 Kg7 21. Re3 f6 22. Nxe6+ Bxe6 23. Rg3+ 1-0

[Event "Reunion op 14th"]
[Site "St Denis"]
[Date "2012.10.10"]
[Round "5"]
[White "Tang Hon Yue, Thibault"]
[Black "Noel, Philippe"]
[Result "1-0"]
[WhiteElo "1506"]
[BlackElo "1380"]
[PlyCount "91"]
[EventDate "2012.10.06"]
[EventType "swiss"]
[EventRounds "9"]
[EventCountry "RUF"]
[SourceTitle "EXT 2013"]
[Source "ChessBase"]
[SourceDate "2012.11.22"]
[SourceVersion "1"]
[SourceVersionDate "2012.11.22"]
[SourceQuality "1"]

1. d4 d5 2. Nf3 Nf6 3. c4 e6 4. Nc3 Bb4 5. e3 Bxc3+ 6. bxc3 Ne4 7. Qc2 f6 8. Bd3 0-0 9. cxd5 exd5 10. Bxe4 dxe4 11. Qxe4 Re8 12. Qc2 Be6 13. 0-0 c6 14. Bb2 Nd7 15. Rad1 Bd5 16. Nd2 Qc7 17. c4 Bf7 18. Qc3 Rad8 19. Rfe1 c5 20. d5 Qd6 21. Nf3 Bh5 22. e4 Ne5 23. Rb1 Nxf3+ 24. gxf3 Qf4 25. Kg2 Re5 26. Bc1 Qh4 27. f4 Re7 28. Qg3 Qxg3+ 29. Kxg3 f5 30. e5 b6 31. a4 h6 32. Be3 Kh7 33. h4 Kg6 34. a5 Rc7 35. axb6 axb6 36. Rxb6+ Kh7 37. Ra1 Rg8 38. Rb5 Rgc8 39. Raa5 Rc6 40. dxc6 Rd8 41. c7 Rd1 42. Kh2 Bf3 43. Kg3 Be4 44. f3 Bd3 45. c8Q h5 46. Ra8 1-0

[Event "Reunion op 13th"]
[Site "St Denis"]
[Date "2011.10.08"]
[Round "9"]
[White "Tang Hon Yue, Thibault"]
[Black "Tournebise, Nikita"]
[Result "1-0"]
[WhiteElo "1508"]
[BlackElo "1720"]
[PlyCount "63"]
[EventDate "2011.10.01"]
[EventType "swiss"]
[EventRounds "9"]
[EventCountry "RUF"]
[SourceTitle "EXT 2012"]
[Source "ChessBase"]
[SourceDate "2011.11.24"]
[SourceVersion "1"]
[SourceVersionDate "2011.11.24"]
[SourceQuality "1"]

1. d4 d5 2. c4 dxc4 3. Nc3 Nc6 4. Nf3 Nf6 5. Bf4 Bf5 6. e3 e6 7. Bxc4 Bb4 8. 0-0 0-0 9. Rc1 Bxc3 10. bxc3 Rc8 11. Qa4 a6 12. Rfe1 Ne7 13. Nh4 Ra8 14. Qd1 Bg4 15. f3 Bf5 16. Nxf5 Nxf5 17. Qb3 b5 18. Bxe6 Nd6 19. Bd5 Rb8 20. Bxd6 Qxd6 21. Be4 Nxe4 22. fxe4 Rbe8 23. e5 Qe7 24. Qb4 Qe6 25. c4 Rb8 26. cxb5 Rxb5 27. Qc4 Qg6 28. Qxc7 Rb2 29. g3 Qf5 30. Rf1 Qe4 31. Qxf7+ Rxf7 32. Rc8+ 1-0

[Event "Reunion op 13th"]
[Site "St Denis"]
[Date "2011.10.05"]
[Round "5"]
[White "Tang Hon Yue, Thibault"]
[Black "Sandjivy, Vivien"]
[Result "1-0"]
[WhiteElo "1508"]
[BlackElo "1080"]
[PlyCount "77"]
[EventDate "2011.10.01"]
[EventType "swiss"]
[EventRounds "9"]
[EventCountry "RUF"]
[SourceTitle "EXT 2012"]
[Source "ChessBase"]
[SourceDate "2011.11.24"]
[SourceVersion "1"]
[SourceVersionDate "2011.11.24"]
[SourceQuality "1"]

1. d4 Nf6 2. Nf3 b6 3. e3 Bb7 4. c4 e6 5. Nc3 Bb4 6. Bd3 Bxc3+ 7. bxc3 0-0 8. 0-0 c5 9. Ba3 d6 10. Rb1 Qc7 11. Re1 Qc6 12. e4 Qc7 13. d5 exd5 14. cxd5 Re8 15. Qc2 Nbd7 16. Bb5 a6 17. Bxd7 Nxd7 18. c4 Ne5 19. Nxe5 dxe5 20. Qc3 Rad8 21. Bb2 Qe7 22. f4 f6 23. fxe5 fxe5 24. Qg3 Qf6 25. Rf1 Qd6 26. Rf5 Rd7 27. Rxe5 Rxe5 28. Bxe5 Qf8 29. Rxb6 Rf7 30. h3 Rf1+ 31. Kh2 Qe7 32. Bxg7 Kf7 33. e5 Qd8 34. e6+ Ke7 35. Rxb7+ Ke8 36. Rb8 Qxb8 37. Qxb8+ Ke7 38. Qc7+ Ke8 39. Qd7# 1-0

[Event "Reunion op 12th"]
[Site "St Denis"]
[Date "2010.10.14"]
[Round "7"]
[White "Lecoro, Sylvain"]
[Black "Tang Hon Yue, Thibault"]
[Result "1-0"]
[WhiteElo "1763"]
[BlackElo "1500"]
[PlyCount "81"]
[EventDate "2010.10.09"]
[EventType "swiss"]
[EventRounds "9"]
[EventCountry "RUF"]
[SourceTitle "CBM 138 Extra"]
[Source "ChessBase"]
[SourceDate "2010.10.29"]
[SourceVersion "1"]
[SourceVersionDate "2010.10.29"]
[SourceQuality "1"]

1. e4 c5 2. Nf3 Nc6 3. g3 g6 4. Bg2 Bg7 5. d3 Nf6 6. Nbd2 0-0 7. 0-0 e6 8. Ng5 d5 9. f4 h6 10. Nh3 Qb6 11. e5 Nd7 12. Nf3 d4 13. Nf2 Ne7 14. Qe2 Qc7 15. Bd2 a5 16. a4 Nb6 17. c3 dxc3 18. Bxc3 Bd7 19. b3 Nbd5 20. Ne4 Nxc3 21. Nxc3 Nd5 22. Ne4 Rfd8 23. Nfd2 b5 24. axb5 Bxb5 25. Nc4 Bxc4 26. dxc4 Nb6 27. Nf6+ Bxf6 28. Bxa8 Rxa8 29. exf6 Nd7 30. Qb2 Qb7 31. Qc3 Qe4 32. Qf3 Nxf6 33. Qxe4 Nxe4 34. Rf3 Nd6 35. Rd3 Nf5 36. Rd7 Nd4 37. Rb1 a4 38. bxa4 Rxa4 39. Rbb7 Rxc4 40. Rxf7 Nf5 41. Rfd7 1-0

[Event "Reunion op 12th"]
[Site "St Denis"]
[Date "2010.10.14"]
[Round "6"]
[White "Tang Hon Yue, Thibault"]
[Black "Cazal, Vincent"]
[Result "1-0"]
[WhiteElo "1500"]
[BlackElo "1350"]
[PlyCount "103"]
[EventDate "2010.10.09"]
[EventType "swiss"]
[EventRounds "9"]
[EventCountry "RUF"]
[SourceTitle "CBM 138 Extra"]
[Source "ChessBase"]
[SourceDate "2010.10.29"]
[SourceVersion "1"]
[SourceVersionDate "2010.10.29"]
[SourceQuality "1"]

1. d4 e6 2. c4 Nf6 3. Nf3 c5 4. e3 Nc6 5. Nc3 b6 6. d5 exd5 7. cxd5 Ne7 8. e4 d6 9. Bc4 Ng6 10. Bg5 Be7 11. Bxf6 Bxf6 12. Bb5+ Bd7 13. Qa4 a6 14. Bxd7+ Qxd7 15. Qxd7+ Kxd7 16. 0-0 Rhe8 17. Nd2 b5 18. Rab1 Rab8 19. Kh1 Nf4 20. g3 Nd3 21. f4 Bd4 22. Nd1 c4 23. Rf3 f5 24. e5 h6 25. e6+ Ke7 26. b3 Rbc8 27. bxc4 bxc4 28. Nxc4 Nc5 29. Na5 Kf6 30. Nc6 Rxc6 31. dxc6 Nxe6 32. Ne3 Bxe3 33. Rxe3 d5 34. c7 Nxc7 35. Rxe8 Nxe8 36. Rb6+ Ke7 37. Rxa6 Nc7 38. Ra3 Kd6 39. Kg2 Nb5 40. Rd3 Kc5 41. a4 Nd6 42. a5 Nb5 43. a6 Kc4 44. Rd1 d4 45. Kf3 g5 46. fxg5 hxg5 47. h4 g4+ 48. Kf4 d3 49. Kxf5 Kd4 50. Kxg4 Ke3 51. h5 d2 52. Rxd2 1-0

[Event "Reunion op 12th"]
[Site "St Denis"]
[Date "2010.10.10"]
[Round "3"]
[White "Tang Hon Yue, Thibault"]
[Black "Dalleau, Philippe"]
[Result "0-1"]
[WhiteElo "1500"]
[BlackElo "1862"]
[PlyCount "71"]
[EventDate "2010.10.09"]
[EventType "swiss"]
[EventRounds "9"]
[EventCountry "RUF"]
[SourceTitle "CBM 138 Extra"]
[Source "ChessBase"]
[SourceDate "2010.10.29"]
[SourceVersion "1"]
[SourceVersionDate "2010.10.29"]
[SourceQuality "1"]

1. d4 d5 2. c4 c6 3. Nc3 Nf6 4. Nf3 g6 5. Bf4 Bg7 6. e3 0-0 7. c5 Nbd7 8. Bd3 Ng4 9. Bg3 e5 10. Be2 exd4 11. Nxd4 Ngf6 12. b4 Re8 13. Bd6 Ne4 14. Nxe4 Rxe4 15. Bf3 Re8 16. 0-0 Ne5 17. Be2 a6 18. Rb1 Nd7 19. Qd2 Nf6 20. Bf3 Ne4 21. Bxe4 Rxe4 22. Rfe1 Qg5 23. Nf3 Qh6 24. Bf4 Qh5 25. Ng5 Re8 26. e4 dxe4 27. Rxe4 Bf5 28. Rxe8+ Rxe8 29. Re1 Ra8 30. Re7 Bf6 31. Rxb7 Rd8 32. Bd6 Bxg5 33. Qe1 Qg4 34. Rb6 Bd3 35. Rxc6 Be4 36. h3 0-1

[Event "Reunion op 11th"]
[Site "St Denis"]
[Date "2009.10.10"]
[Round "1"]
[White "Koch, Alain1111"]
[Black "Tang Hon Yue, Thibault"]
[Result "1-0"]
[WhiteElo "2007"]
[BlackElo "1390"]
[PlyCount "43"]
[EventDate "2009.10.10"]
[EventType "swiss"]
[EventRounds "9"]
[EventCountry "RUF"]
[SourceTitle "CBM 132 Extra"]
[Source "ChessBase"]
[SourceDate "2009.11.03"]
[SourceVersion "1"]
[SourceVersionDate "2009.11.03"]
[SourceQuality "1"]

1. d4 d5 2. Nf3 Nf6 3. Nc3 Bf5 4. e3 e6 5. Bd3 Bxd3 6. cxd3 c5 7. 0-0 Nc6 8. Qa4 Nd7 9. Ne2 Bd6 10. e4 cxd4 11. Nexd4 Nxd4 12. Nxd4 a6 13. Nf3 0-0 14. Be3 dxe4 15. dxe4 Rc8 16. Rfd1 Qe7 17. Qd4 Rc6 18. e5 Nxe5 19. Nxe5 Bxe5 20. Qxe5 Rd8 21. Rxd8+ Qxd8 22. h3 1-0

[Event "Reunion op 10th"]
[Site "St Denis"]
[Date "2008.10.16"]
[Round "6"]
[White "Henry, Laura"]
[Black "Tang Hon Yue, Thibault"]
[Result "1-0"]
[WhiteElo "1667"]
[BlackElo "1390"]
[PlyCount "79"]
[EventDate "2008.10.11"]
[EventType "swiss"]
[EventRounds "9"]
[EventCountry "RUF"]
[SourceTitle "EXT 2009"]
[Source "ChessBase"]
[SourceDate "2008.11.26"]
[SourceVersion "1"]
[SourceVersionDate "2008.11.26"]
[SourceQuality "1"]

1. e4 e5 2. Nf3 Nc6 3. Bb5 Nf6 4. 0-0 Nxe4 5. Re1 d5 6. d3 Nd6 7. Nxe5 Be7 8. Nxc6 bxc6 9. Bxc6+ Bd7 10. Bxa8 Qxa8 11. Nc3 Nf5 12. Qf3 Be6 13. Be3 0-0 14. Nb5 Nxe3 15. Qxe3 Qb8 16. Nxa7 Qxb2 17. Nc6 Bf6 18. Qc5 Qc3 19. Qb5 Qxc2 20. Rab1 g6 21. a4 Kg7 22. a5 Bd7 23. Rec1 Qe2 24. Qxd5 Bxc6 25. Qxc6 Re8 26. Qxc7 Bd8 27. Qc3+ Bf6 28. Qe1 Bd4 29. Qxe2 Rxe2 30. Rf1 Ra2 31. Rb5 Bc3 32. f3 Bxa5 33. d4 Bc3 34. Rd1 Bd2 35. Rb3 Kf6 36. d5 Ke7 37. Rd3 Bb4 38. Rc1 Ba5 39. Rc6 Kd7 40. Ra6 1-0

[Event "Reunion op 10th"]
[Site "St Denis"]
[Date "2008.10.12"]
[Round "2"]
[White "Tang Hon Yue, Thibault"]
[Black "Ane, Regis"]
[Result "0-1"]
[WhiteElo "1390"]
[BlackElo "1986"]
[PlyCount "48"]
[EventDate "2008.10.11"]
[EventType "swiss"]
[EventRounds "9"]
[EventCountry "RUF"]
[SourceTitle "EXT 2009"]
[Source "ChessBase"]
[SourceDate "2008.11.26"]
[SourceVersion "1"]
[SourceVersionDate "2008.11.26"]
[SourceQuality "1"]

1. d4 f5 2. Nf3 Nf6 3. g3 g6 4. Bg2 Bg7 5. 0-0 0-0 6. c4 d6 7. Nc3 c6 8. b3 Qe8 9. e3 Nbd7 10. Re1 e5 11. dxe5 dxe5 12. e4 Nh5 13. exf5 gxf5 14. Bb2 Qg6 15. Nd2 Re8 16. Nf3 Qf7 17. Ng5 Qg6 18. h4 h6 19. Nf3 e4 20. Nd4 Ne5 21. Nxe4 fxe4 22. Bxe4 Qg4 23. Qxg4 Bxg4 24. Ba3 Nxc4 0-1

[Event "Reunion op 10th"]
[Site "St Denis"]
[Date "2008.10.11"]
[Round "1"]
[White "Seegolam, Atmaram"]
[Black "Tang Hon Yue, Thibault"]
[Result "1-0"]
[WhiteElo "1854"]
[BlackElo "1390"]
[PlyCount "79"]
[EventDate "2008.10.11"]
[EventType "swiss"]
[EventRounds "9"]
[EventCountry "RUF"]
[SourceTitle "EXT 2009"]
[Source "ChessBase"]
[SourceDate "2008.11.26"]
[SourceVersion "1"]
[SourceVersionDate "2008.11.26"]
[SourceQuality "1"]

1. c4 e5 2. Nc3 Nf6 3. d3 Nc6 4. e3 Be7 5. Nf3 d6 6. Be2 0-0 7. 0-0 Be6 8. a3 d5 9. cxd5 Nxd5 10. Nxd5 Bxd5 11. Qc2 f5 12. e4 Be6 13. Be3 Bf6 14. Rfd1 Nd4 15. Bxd4 exd4 16. Rac1 Rc8 17. b4 Re8 18. e5 Bg5 19. Nxg5 Qxg5 20. Bf3 c6 21. Qb2 Red8 22. Re1 Bd5 23. Bxd5+ Rxd5 24. Qa2 Qd8 25. Rc4 Kh8 26. a4 c5 27. Qe2 Qe7 28. f4 b6 29. Qf3 Rcd8 30. bxc5 bxc5 31. Rb1 Qf7 32. Rb5 Rc8 33. Qe2 a6 34. Rb6 Qa7 35. a5 Rb8 36. Qb2 Rxb6 37. Qxb6 Qxb6 38. axb6 Rd7 39. Rxc5 Rb7 40. Rc8# 1-0

[Event "Reunion op 09th"]
[Site "Reunion"]
[Date "2007.10.18"]
[Round "5"]
[White "Tang Hon Yue, Thibault"]
[Black "Nassau, Pierre Alexandre"]
[Result "0-1"]
[WhiteElo "1410"]
[BlackElo "1200"]
[PlyCount "64"]
[EventDate "2007.10.14"]
[EventType "swiss"]
[EventRounds "9"]
[EventCountry "RUF"]
[SourceTitle "EXT 2012"]
[Source "ChessBase"]
[SourceDate "2011.11.24"]
[SourceVersion "1"]
[SourceVersionDate "2011.11.24"]
[SourceQuality "1"]

1. d4 d5 2. Nf3 Nf6 3. g3 e6 4. Bg2 Be7 5. 0-0 0-0 6. Bg5 Nbd7 7. c3 b5 8. Nbd2 a5 9. Re1 Ng4 10. Bxe7 Qxe7 11. e4 dxe4 12. Rxe4 Ngf6 13. Re1 Bb7 14. Qc2 h6 15. b3 c5 16. Qd3 cxd4 17. cxd4 b4 18. Qb5 Bd5 19. Nc4 Rfb8 20. Qa4 Nb6 21. Nxb6 Rxb6 22. Rac1 Ne4 23. Ne5 Ra7 24. Nc6 Bxc6 25. Rxc6 Nc3 26. Be4 Nxa4 27. Rc8+ Qf8 28. Rxf8+ Kxf8 29. bxa4 f5 30. Bf3 Rd6 31. Rd1 Rad7 32. Re1 Kf7 0-1

[Event "Sainte Marie op"]
[Site "Sainte Marie"]
[Date "2005.10.16"]
[Round "2"]
[White "Fontaine, Willy"]
[Black "Tang Hon Yue, Thibault"]
[Result "1-0"]
[WhiteElo "1560"]
[BlackElo "1099"]
[PlyCount "83"]
[EventDate "2005.10.15"]
[EventType "swiss"]
[EventRounds "9"]
[EventCountry "FRA"]
[SourceTitle "EXT 2006"]
[Source "ChessBase"]
[SourceDate "2005.11.24"]
[SourceVersion "1"]
[SourceVersionDate "2005.11.24"]
[SourceQuality "1"]

1. e4 e5 2. Nf3 Nc6 3. Bb5 a6 4. Ba4 Bc5 5. 0-0 Nf6 6. d3 d6 7. Bg5 0-0 8. Nbd2 Bg4 9. c3 Be6 10. b4 Bb6 11. Bxc6 bxc6 12. a4 a5 13. h3 c5 14. b5 d5 15. Nxe5 c4 16. d4 h6 17. Bh4 dxe4 18. Nc6 Qd6 19. Bxf6 gxf6 20. Nxe4 Qd8 21. Nxd8 Raxd8 22. Nxf6+ Kh8 23. Qc2 Kg7 24. Nh5+ Kg8 25. Rae1 Rde8 26. Re3 Kh8 27. Nf6 Kg7 28. Nxe8+ Rxe8 29. Rg3+ Kf6 30. Re1 c6 31. Rf3+ Kg7 32. Rxe6 Rxe6 33. g3 Kf8 34. Re3 Rd6 35. Qh7 Re6 36. Rxe6 fxe6 37. Qxh6+ Ke7 38. bxc6 Kd6 39. Kh1 Kxc6 40. Qxe6+ Kc7 41. Qxc4+ Kb7 42. f4 1-0